The Penguin dictionary of information technology / (Record no. 564)
[ view plain ]
| 000 -LEADER | |
|---|---|
| fixed length control field | 00625nam a2200205 a 4500 |
| 001 - CONTROL NUMBER | |
| control field | 564 |
| 005 - DATE AND TIME OF LATEST TRANSACTION | |
| control field | 20221127085953.0 |
| 008 - FIXED-LENGTH DATA ELEMENTS--GENERAL INFORMATION | |
| fixed length control field | 050920s lxxk d 00100|eng d |
| 020 ## - INTERNATIONAL STANDARD BOOK NUMBER | |
| International Standard Book Number | 0140512977 : |
| Terms of availability | SR49.00 |
| 035 ## - SYSTEM CONTROL NUMBER | |
| System control number | 577 |
| 082 04 - DEWEY DECIMAL CLASSIFICATION NUMBER | |
| Classification number | 004.03 |
| Item number | G958 1994. |
| 100 1# - MAIN ENTRY--PERSONAL NAME | |
| Personal name | Gunton, Tony. |
| 245 14 - TITLE STATEMENT | |
| Title | The Penguin dictionary of information technology / |
| Statement of responsibility, etc. | Tony Gunton. |
| 250 ## - EDITION STATEMENT | |
| Edition statement | [2nd ed.]. |
| 260 ## - PUBLICATION, DISTRIBUTION, ETC. | |
| Place of publication, distribution, etc. | London : |
| Name of publisher, distributor, etc. | Penguin, |
| Date of publication, distribution, etc. | 1994, c 1993. |
| 300 ## - PHYSICAL DESCRIPTION | |
| Extent | ix, 343 p. ; |
| Dimensions | 20 cm. |
| 500 ## - GENERAL NOTE | |
| General note | First published by NCC Blackwell, 1990. |
| 650 #4 - SUBJECT ADDED ENTRY--TOPICAL TERM | |
| Topical term or geographic name entry element | Information technology |
| Form subdivision | Dictionaries. |
| 650 #4 - SUBJECT ADDED ENTRY--TOPICAL TERM | |
| Topical term or geographic name entry element | Computer science |
| Form subdivision | Dictionaries. |
| Withdrawn status | Lost status | Source of classification or shelving scheme | Damaged status | Not for loan | Home library | Current library | Date acquired | Total Checkouts | Full call number | Barcode | Date last seen | Copy number | Price effective from | Koha item type |
|---|---|---|---|---|---|---|---|---|---|---|---|---|---|---|
| CENTRAL | CENTRAL | 11/27/2022 | 004.03 G958 1994. | 1000000004776 | 11/27/2022 | C1 | 11/27/2022 | Reference | ||||||
| CENTRAL | CENTRAL | 11/27/2022 | 004.03 G958 1994. | 1000000004775 | 11/27/2022 | C2 | 11/27/2022 | Reference |
